[Event "NED-ch52 sf"]
[Site "Enschede"]
[Date "1996.12.06"]
[Round "7"]
[White "Knoppert, Erik"]
[Black "Kroeze, Frank"]
[Result "0-1"]
[WhiteElo "2415"]
[BlackElo "2390"]
[PlyCount "46"]
[EventDate "1996.11.29"]
[EventType "swiss"]
[EventRounds "9"]
[EventCountry "NED"]
[SourceTitle "CBM 055 Extra"]
[Source "ChessBase"]
[SourceDate "1997.01.01"]
[SourceVersion "1"]
[SourceVersionDate "1997.01.01"]
[SourceQuality "1"]

1. c4 e6 2. d4 d5 3. Nc3 c6 4. cxd5 exd5 5. Bf4 Bf5 6. e3 Qb6 7. Qd2 Nf6 8. a3 Nbd7 9. Be2 Be7 10. h3 0-0 11. Nf3 Ne4 12. Nxe4 dxe4 13. Ne5 Nxe5 14. Bxe5 Be6 15. 0-0 a5 16. Rac1 Qd8 17. Qc2 Bd5 18. Bc4 Qd7 19. Rfd1 Rfd8 20. Qb3 a4 21. Qa2 Ra5 22. Rd2 Bxc4 23. Qxc4 Rxe5 0-1